000 00749nam a2200193 a 4500
001 000005029
005 20240307183814.0
008 090729s2002 dr a 000 0 spa d
020 _a9993491101
040 _aDO-SdBNP
_bspa
_cBNPHU
082 _axxxx
_bP343n
100 1 _aPayán Areché, Luis Ramón,
_d1956-
_914489
245 1 4 _aLas nuevas amenazas y la preparación de inteligencia /
_cLuis Ramón Payán Areché ; prólogo Ramiro Matos González.
260 _aSanto Domingo, :
_bImpresos Anibal,
_c2002.
300 _axiii, 177 p. :
_bil. ;
_c23 cm.
504 _aIncluye referencias bibliográficas y notas al pie de las páginas
504 _aIncluye bibliografías (175-177)
700 1 _a Matos G., Ramiro‏
_q(Matos González)
_d1927-
_937780
999 _c4834
_d4834